000
00281nam a2200109Ia 4500
008
200302s9999 xx 000 0 und d
100
_a
Jaean-Louis Cohen
245
_a
Urban Textures Yves Lion
260
_b
Birkhauser-Publishers for Architecture
260
_c
2005
300
_a
159 P.,
999
_c
4990
_d
4990